| 000 | 00735nam a2200193 a 4500 | ||
|---|---|---|---|
| 003 | 0 | ||
| 005 | 20250424083456.0 | ||
| 008 | 080527s19uu xx 00 eng d | ||
| 050 |
_aPHS HM 1221 _b.Es64 2005 |
||
| 100 | _aEspenida, Dyan Sherry F. | ||
| 245 |
_aImpressions and fashion preferences of peers between male and female teenagers / _cDyan Sherry F. Espenida. |
||
| 260 |
_aLas PiƱas City, Philippines : _bSouthville International School and Colleges, _c2005. |
||
| 300 |
_a26 pages : _billustrations ; _c28 cm. |
||
| 504 | _aIncludes bibliographical references. | ||
| 650 | _aSocial perception in teenagers. | ||
| 650 |
_aClothing and dress _xSocial aspects. |
||
| 650 |
_aFashion _xPsychological aspects. |
||
| 942 |
_2lcc _cPASS |
||
| 999 |
_c97222 _d97222 |
||